Séries d'animation 100 questions progressives - Statistiques

Statistiques générales
  • Ce quiz a été pris 658 fois
  • Le résultat moyen est 13 sur 100
Statistiques - réponses
% Question Réponse % Correct
1 Homme d'affaires le jour, Bruce Wayne devient le protecteur de Gotham City la nuit Batman
99%
2 La série conte les aventures d'un jeune journaliste belge et de son chien blanc. Les Aventures de Tintin
73%
3 Cette série, destinée aux enfants, met en scène les aventures d'un couple et de ses sept enfants qui se transforment à volonté Barbapapa
53%
4 Cette série est destinée aux enfants et aux adultes curieux du fonctionnement du corps humain. Il était une fois la vie
49%
5 Cette série met en scène les aventures d'un éléphant et des habitants de Célesteville Babar
47%
7 La série adapte certaines aventures du cow-boy qui tire plus vite que son ombre Lucky Luke
43%
6 Un ours rend visite à deux enfants chaque soir avant leur coucher. Il s'enquiert de leur journée, de leurs soucis ou leur raconte une histoire Bonne nuit les petits
42%
11 La série met en scène les aventures d'une jeune abeille qui, à peine sortie de son alvéole, n'a qu'une envie : découvrir le monde en compagnie de ses amis Willy l'abeille, Flip la sauterelle, Max le ver de terre et Alexandre la souris. Maya l'abeille
32%
10 La série met en scène, dans un environnement familial, les aventures d'un petit garçon facétieux de son cocker et de sa tortue. Boule et Bill
31%
13 Cette série raconte les mésaventures d'un poussin anthropomorphe noir portant une coquille d'œuf à moitié brisée, sur qui le sort s'acharne dont la réplique favorite est « C’est vraiment trop injuste ! » Calimero
31%
12 Ils sont au nombre de 102 et nichent dans les champignons d'une forêt. Très friands de salsepareille, ils se ressemblent tous mais ont des métiers ou des spécialités différentes. Ce sont les Schtroumpfs
30%
9 La série raconte l'histoire de l'humanité, des origines de la vie jusqu'à la fin du XXe siècle Il était une fois l'homme
29%
8 Les héros, des oiseaux rondouillards, possèdent pour tout vocabulaire quatre mots monosyllabiques : « Ga, Bu, Zo, Meu ». Les Shadoks
28%
16 L'inspecteur héros de la série est un policier cyborg doté de nombreux gadgets directement intégrés à son corps. Inspecteur gadget
25%
14 Les aventures inspirées de la mythologie grecque transposée au XXXIe siècle Ulysse 31
25%
18 De petits oursons vivant dans les nuages et se déplaçant sur des arcs-en-ciel. possèdent des pouvoirs utilisés pour aider les enfants à combattre le Mal Les Bisounours
23%
17 Cette série, destinée aux enfants, met en scène le manège du père Pivoine sur lequel s'amuse la petite Margote Le manège enchanté
22%
20 La série est centrée sur les aventures d'une éponge jaune carrée anthropomorphe et de ses amis localisés au fond de l'Océan Pacifique dans une ville nommée « Bikini Bottom ». Bob l'éponge
21%
15 Cette série met en scène deux marionnettes animées, une fille et un garçon, deux petites créatures enfantines vêtus d'une combinaison et coiffés d'un grand chapeau Chapi Chapo
21%
22 La série met en scène un stéréotype d'une famille de classe moyenne américaine qui vit à Springfield. Leurs aventures servent une satire du mode de vie américain. Les SImpson
21%
23 Le héros est un dinosaure hors norme qui aime la guitare et le skateboard. Il peut voyager dans la préhistoire grâce à un morceau de sa coquille. Denver le dernier dinosaure
18%
19 Le XVIe siècle. Des quatre coins de l'Europe, de gigantesques voiliers partent à la conquête du Nouveau Monde. À bord de ces navires, des hommes, avides de rêve, d'aventure et d'espace, à la recherche de fortune. ainsi commence chaque épisode des Mystérieuses cités d'or
17%
21 Onze bolides participent à des courses déjantées. Malgré leurs tentatives pour l'emporter de manière malhonnête, en jouant de mauvais tours aux adversaires, Satanas et son chien Diabolo, les personnages principaux, se font systématiquement prendre à leur propre jeu. Les fous du volant
16%
28 La série raconte l'histoire de Peter Parker, qui est célibataire et photographe à temps partiel pour le Daily Bugle et possède les aptitudes d'une araignée Spider-man
14%
31 La série raconte la vie quotidienne d'un jeune garçon de dix ans à la mèche blonde caractéristique, de ses amis, et de leur vision du monde des adultes. Titeuf
14%
38 La série met en scène six mois d'aventures de deux garçons vivant au milieu du XIXe siècle dans une bourgade du Middlewest des États-Unis : un enfant issu de la classe moyenne, et son meilleur ami un orphelin vagabond. Adaptation de M. Twain Tom Sawyer
14%
35 Quatre petites tortues deviennent humanoïdes, à la suite d'un contact avec une étrange substance chimique rose, elle sont formées à l'art des Ninjas par un rat dans les égouts de New York Tortues Ninja
14%
34 La série s'adresse au très jeune public en lui faisant apprendre l'anglais ou l'espagnol, tout en amusant et en faisant rire. Dora l'exploratrice
13%
24 Dans une fermette vivent une jeune truie, et une petite oie. Le renard Croquetou rôde autour de la ferme et aimerait bien faire son repas de ces deux appétissantes demoiselles. Aglaé et Sidonie
12%
39 Un empire extraterrestre belliqueux, Véga, a asservi et ravagé la lointaine planète avancée et pacifique d'Euphor. Le prince d'Euphor a toutefois pu échapper au massacre en leur soustrayant une machine de combat Goldorak
12%
36 L'histoire se déroule dans un monde océanique où des pirates aspirent à une ère de liberté et d'aventure, « l'âge d'or de la piraterie ». One piece
12%
66 La série narre les aventures de Sacha, un jeune dresseur de Bourg Palette Pokémon
12%
48 Coincés sur Terre après s'être écrasés en soucoupe volante, des extraterrestres emménagent dans le grenier d'une maison à louer. Malheureusement pour eux, les locataires humains rendent la cohabitation difficile. Les Zinzins de l'espace
11%
25 Les aventures d'un dauphin blanc et de ses jeunes amis Yann, 13 ans, et de sa sœur Marina, 7 ans. Très intelligent, le dauphin vient toujours en aide à ses amis au cours de leurs aventures. Oum le dauphin
11%
30 Un chat nommé Sylvestre tente sans cesse d'attraper un petit canari vivant dans une cage dorée, chez sa propriétaire, Mémé. Titi et Grosminet
11%
33 La série raconte les aventures d'un chat domestique gris et d'une souris installés dans la même maison Tom et Jerry
11%
68 La série raconte le parcours de Son Goku, depuis l'enfance jusqu'à l'âge adulte où il est amené à explorer le monde à la recherche de boules de cristal magiques Dragon ball
10%
26 Série mettant en scène un chat farfelu de 1958 à 1961 Félix le Chat
10%
80 La série suit un futur héros adolescent qui intègre l'école Prométhée en compagnie de son meilleur ami Icare, de Cassandre et de son professeur Philoctète Il affronte son oncle diabolique Hadès et subit la pression de son rival, le prince Adonis. Hercule
10%
37 Les héros sont des robots extraterrestres provenant de la planète Cybertron. Outre le fait d'être des êtres vivants intelligents malgré leur nature mécanique, ils ont la particularité d'avoir, pour des raisons de camouflage, développé la faculté de « transformer » leur apparence pour devenir des machines faisant partie de l’environnement où ils se trouvent. Les transformers
10%
79 La série raconte l'histoire du jeune Olivier qui rêve de devenir le meilleur footballeur au monde. Il rencontre et affronte tous les meilleurs joueurs du pays Olive et Tom
10%
27 La série tire son nom de son personnage principal, un grand chien danois sympathique, gourmand et peureux Scoubidou
10%
75 Étudiantes dans la vie de tous les jours, les héroïnes sont en réalité agents secrets, c'est-à-dire des espionnes professionnelles employées du WOOHP Totally spies
10%
29 Une erreur s'est glissée dans les romans d'Alexandre Dumas : les mousquetaires, D'Artagnan, Athos, Porthos et Aramis étaient accompagnés d'Albert de Parmagnan, il a été ignoré en raison de sa petite taille, mais sans lui les autres mousquetaires n'auraient jamais réussi à battre un seul garde du Cardinal. Albert le cinquième mousquetaire
9%
40 Les héros d'Edgar P. Jacobs portés à l'écran. Ils affrontent régulièrement leur ennemi juré : le Colonel Olrik. Blake et Mortimer
9%
71 Un jeune garçon impulsif âgé de 8 ans, voit sa vie basculer par l'arrivée à l'école de Chen, une petite fille chinoise dont il tombe amoureux. Cédric
9%
69 Depuis que de mystérieux événements se produisent au Pays des jouets, un pantin s'improvise détective et décide de résoudre ces mystères. Oui-oui
9%
70 Cette série raconte les aventures du héros de Pac-Land, un bourg peuplé de petits êtres jaunes et ronds. Pac Man
9%
76 Gon Freecss est un jeune garçon âgé de 12 ans, rêvant de devenir hunter Hunter x Hunter
8%
53 La série se centre sur un jeune garçon adepte de jeux vidéo, accompagné de ses deux amis Horace et Big Bang Kid Paddle
8%
54 Les aventures de Riri, Fifi, Loulou et leur grand-oncle sont au coeur de cette série La Bande à Picsou
8%
52 Reclus dans un établissement pénitentiaire au cœur du désert du Nevada, les brigands les plus dangereux de l'ouest, aspirent à retrouver leur liberté, mais en vain. Les Dalton
8%
41 Wendy et Marine sont deux sœurs possédant une personnalité explosive. Malgré les querelles et les ennuis dus à leur différence d'âge, elles s'aiment beaucoup. Les Sisters
8%
65 Haute comme trois pommes, une petite orpheline aux boucles brunes et à l'irrésistible frimousse, rejoint les montagnes suisses, pour vivre avec son grand-père, vieil homme taciturne et solitaire. Heidi
7%
50 La série met en scène les aventures d'un terrible vizir à la cour du calife à Bagdad, cherchant à chaque épisode d'évincer le calife pour accéder au pouvoir suprême. Iznogoud
7%
58 L'histoire commence au château de Réan, une demeure de la campagne française en Normandie à l'époque du Second Empire. Le château appartient à la famille de Réan et l'héroïne est la fille de la maison Les malheurs de Sophie
7%
46 L'Humanité s'est étendue à travers l'espace dans un futur lointain et a rencontré d'autres races extraterrestres avec lesquelles l'entente et la collaboration sont d'importance. Il était une fois l'espace
6%
32 Les joyeuses et chantantes aventures d'un ourson dont le seul désir est de chanter. Malheureusement, il n'a aucun don pour cela… Les Aventures de Colargol
6%
59 Tout se passe à l'âge de la pierre dans une ville appelée Caillouville, mais où la société est exactement la même que celle des États-Unis dans la deuxième moitié du XXe siècle. C’est une version fantaisiste de la préhistoire où des dinosaures, des ptérodactyles, des tigres à dents de sabre, des mammouths laineux et d'autres animaux disparus depuis longtemps coexistent avec des hommes des cavernes Les Pierrafeu
6%
49 L'histoire se déroule aux États-Unis, pendant la guerre de Sécession.Un médecin est parti pour le front, laissant à la maison sa femme et ses quatre filles. Adaptation d'un roman de L. Alcott Les quatre filles du Docteur March
6%
77 Cette série met en scène les aventures d'un suricate et d'un phacochère, personnages du Roi lion. Timon et Pumbaa
6%
42 Chaque épisode commence de la même façon. Un petit garçon berce un lion en peluche et lui demande : « Raconte-moi quand tu étais au pays de Jaimadire » Titus, le petit lion
6%
45 Le héros est un petit âne gris avec une jolie crinière blanche. Espiègle et enthousiaste, il voit toujours le bon côté des choses et ne manque pas une occasion de s'amuser. Trotro
6%
47 Meilleur agent de Star Command, le héros doit avec son équipe affronter les ennemis du bien, dont l'infâme empereur Zurg. Buzz l'Éclair
5%
72 Un garçonnet extrêmement malicieux d'une dizaine d'années, passe son temps à faire des bêtises. Son voisin, Monsieur Martin est sa victime favorite Denis la Malice
5%
61 La série se centre sur les aventures de Belle, Bulle et Rebelle, trois super-héroïnes à l'apparence de petites filles, et de leur créateur, un scientifique du nom de professeur Utonium, résidents dans la ville fictive de Townsville. Les super nanas
5%
43 Cette série raconte les aventures du gentleman anglais Phileas Fogg autour du monde. Il part de Londres accompagné de son majordome Passepartout et du petit Tico. Mais il ne savent pas que l'inspecteur Fix, son acolyte Buly et Transfert sont à leurs trousses… Le Tour du monde en quatre-vingts jours
5%
44 Le chien le plus bête de l'Ouest vit ses propres aventures, enchaînant erreur sur faux pas. Rantanplan
5%
86 Un jeune garçon de huit ans, vit en France à Chavanon dans le Massif central. Il aide sa mère madame Barberin aux travaux de la ferme. Il ne connaît pas son père Jérôme car celui-ci vit au loin à Paris. Rémi sans famille
5%
74 La série raconte les épreuves d'un papa célibataire, David Seville, qui tente d'élever ses six chipmunks hyperactifs Alvin et les Chipmunks
4%
78 Alors qu'il fuit sa planète natale ravagée par la guerre, un immense robot nommé débarque sur Terre avec à son bord l'androïde Peebolo, durant l'ère féodale japonaise. Bioman
4%
63 Cette série met en scène les mésaventures d'une fillette et de ses amis qui vivent dans un village aux maisons en forme de gâteaux et cultivent toutes sortes de fruits. Le grand ennemi est Grand Guimauve qui cherche par tous les moyens à leur dérober leurs récoltes. Charlotte aux fraises
4%
73 L'héroïne est une drôle de petite fille rousse au visage constellé de taches de rousseur, intrépide, joyeuse et dotée d'une force incroyable. Fifi Brindacier
4%
81 Cette série explique aux enfants la notion de développement durable, présentée comme un enjeu majeur pour l'avenir de la planète et de l'Humanité. Il était une fois notre terre
4%
51 Lla jeune Maria s’apprête à devenir religieuse. Elle est recueillie dans une église. Pendant quelques jours, elle fait de son mieux pour s'adapter mais elle se révèle très maladroite. Cependant, Maria ne s'en fait pas. Sa vie bascule lorsqu'elle rencontrera un Capitaine et ses sept enfants. Les enfants du capitaine Trapp
4%
67 La série raconte de manière assez libre l'histoire de l'impératrice d'Autriche Élisabeth de Wittelsbach, surnommée « Sissi ». Princesse Sissi
4%
62 Cette série met en scène les aventures d'un jeune homme d'origine gauloise adopté à la mort de son père par Honorus Galla, un riche Romain gouverneur de Rhodes. Alix
3%
60 Cette série, destinée aux enfants, raconte l'histoire des grandes découvertes, et de leurs acteurs, qui ont fait le monde d'aujourd'hui. Il était une fois les découvreurs
3%
64 Cette série, destinée aux enfants, raconte l'histoire des grandes découvertes géographiques. Il était une fois les explorateurs
3%
83 La série suit les aventures de Po et de ses camarades, les Cinq Cyclones après sa prise de fonction en tant que Guerrier Dragon. Kung Fu Panda
3%
85 L'histoire se passe à la fin du XVIIIe siècle en France. Oscar est une jeune femme élevée en garçon par un père excédé de n'avoir que des filles. L'éducation militaire d'Oscar lui permet de devenir le capitaine de la garde royale, chargée de la protection de la jeune dauphine Marie-Antoinette. Lady Oscar
3%
82 Ce feuilleton est l'adaptation de trois romans de Gaston Leroux mettant en scène un journaliste enquêteur Rouletabille
3%
92 Dans un futur lointain, l'Atlantis, un vaisseau spatial banni de la Terre, parcourt l'espace à la recherche de la « planète idéale ». Son équipage est confronté aux redoutables Humanoïdes. Maîtres de la galaxie, les Humanoïdes asservissent les planètes qu'ils ont conquis et exterminent tous ceux qui leur résistent. Albator 84
2%
94 En 2977, la population terrienne nage dans l’opulence : les Terriens ont envoyé des robots automatisés qui exploitent les ressources d'autres planètes ; tout ce qui est récolté est distribué gratuitement à la population. Par le truchement de l'« abrutisseur mondio-visuel », les dirigeants de la Terre bloquent les réflexions critiques de leur population, qui est maintenant un peuple asservi. Albator, le corsaire de l'espace
2%
89 Au début du XXIe siècle, un savant construit un robot à la mémoire de son fils Thomas, décédé dans un accident de voiture. Mais le professeur Baltus ne se contente pas de créer un simple robot : il le dote de pouvoirs extraordinaires. Il possède des sens très développés, une force colossale et peut même voler. Il ressent même les émotions et distingue le bien du mal. Astro le petit robot
2%
97 La série se centre sur les aventures de trois jeunes femmes — Brenda, Lili et Babette — et de leur ami le capitaine Caverne, un homme préhistorique piégé dans un bloc de glace qu'elles ont rendu à la vie Capitaine Caverne
2%
84 Entouré de sa bande d'amis, il tente chaque jour une nouvelle aventure pour se rapprocher de son but : attraper un cheval pour le monter, partir sur les traces du grizlli, dormir à la belle étoile, défier Billy bad au lance-pierre... Kid Lucky
2%
57 Les aventures d'un clown et de sa petite troupe de cirque composée par : Laura l'écuyère, Ratibus le chat, Pip'lett la perruche et Bianca la jument. Se déplaçant en roulotte, la joyeuse équipe propose ses numéros de ville en ville. Kiri le clown
2%
55 Entre un garçon qui rate tout, un chien beagle aux attitudes extravagantes, un oiseau jaune lui aussi aux attitudes extravagantes, une fille enquiquineuse ou encore un garçon aux attitudes paradoxales, les Peanuts nous font découvrir leurs personnalités (titre exact) Les Aventures de Charlie Brown et de Snoopy
2%
91 Sur Eternia, une planète à la fois médiévale et futuriste où se côtoient magiciens et vaisseaux spatiaux, se trouve le Château des Ombres, une forteresse mystérieuse renfermant d'immenses pouvoirs, qui fait la convoitise de nombreux malfaiteurs. Parmi ceux-ci, le diabolique sorcier Skeletor s'est juré de renverser le Roi Randor et de contrôler l'univers. Les maîtres de l'univers
2%
88 Le Dr Light et le Dr Wily sont des scientifiques brillants dans le domaine de la robotique, et travaillent ensemble dans un laboratoire, essayant de faire avancer la science. Un jour, ils créent un prototype extrêmement avancé, mais peu après avoir été activé, il commence à détruire le laboratoire. Mega man
2%
56 Un homme préhistorique, fils de Craô, après avoir survécu à une éruption volcanique, part à travers le monde en quête de savoir et d'aventure. Rahan
2%
87 En Malaisie, le grand vizir fait détrôner la famille royale afin de prendre le titre de « rajah de Sarawak ». Épargné par l'un des complices de l'usurpateur, un prince s'enfuit en mer et regroupe une bande afin de lutter contre cette tyrannie. Sandokan
2%
90 En l'an 70 du calendrier spatial, les Humains ont commencé à coloniser l'espace. Plusieurs générations après, la Terre n'est plus, pour les descendants des colons, qu'un élément de leur Histoire, la troisième planète du Premier Système solaire. San Ku Kaï
2%
95 Les événements se déroulent dans la région des Flandres près d'Anvers. Nello, un jeune orphelin, vit avec son grand-père Johann, avec qui il gagne sa vie en vendant du lait. Un jour, le garçon trouve le long de la route un beau chien des Flandres, abandonné par son maître qui le maltraitait, blessé et nécessitant des soins. Nello le recueille et le soigne... Un chien des Flandres
2%
93 Cette série raconte les aventures d'un enfant viking, fils de Halvar, chef du village de Flake. Vic le Viking
2%
98 Les aventures de deux jeunes gens dans les océans. Ils chevauchent leurs chevaux de mer Tempête et Zenko et sont accompagnés dans leurs aventures par leur morse Tusky. Aquaman
1%
100 Cette série met en scène un lion adolescent, fougueux et écervelé dont l'instinct de prédateur est sans cesse contrarié... Léon (t)erreur de la savane
1%
99 Dans la France du XVIIIe siècle, deux justiciers masqués se consacrent à la défense des faibles face à la tyrannie des aristocrates s'affrontant au nom du pouvoir. La tulipe noire
1%
96 Cette série met en scène les mésaventures d'une fillette intrépide et bavarde, vivant dans un château avec ses parents roi et reine et les marins, gouvernantes ou encore jardinier du château. Petite princesse
1%
Aucun quiz correspondant
Distribution des résultats
% des personnes avec chaque résultat
Percentile par nombre de réponses
Votre historique - résultats
Vous n’avez pas pris ce quiz